[Event "chess.com Speed 1m+1spm 2018"]
[Site "chess.com INT"]
[Date "2018.10.09"]
[Round "2.19"]
[White "So, Wesley"]
[Black "Vidit, Santosh Gujrathi"]
[Result "0-1"]
[WhiteTitle "GM"]
[BlackTitle "GM"]
[WhiteElo "2780"]
[BlackElo "2718"]
[WhiteFideId "5202213"]
[BlackFideId "5029465"]
[EventDate "2018.07.24"]

1. e4 c5 2. Nf3 d6 3. d4 cxd4 4. Nxd4 Nf6 5. Nc3 Nc6 6. f3 e5 7. Nb3 Be7 8. Be3
O-O 9. Qd2 a5 10. Bb5 Na7 11. Bxa7 Rxa7 12. O-O-O Be6 13. Kb1 Ra8 14. g4 Rc8 15.
h4 Nd7 16. Nd5 Bxd5 17. Qxd5 Nb6 18. Qd3 a4 19. Nc1 Qc7 20. a3 Rfd8 21. Na2 d5
22. exd5 Rxd5 23. Qe2 Rc5 24. Bd3 g6 25. h5 Nd5 26. hxg6 hxg6 27. Qh2 Bf6 28. g5
Bg7 29. Be4 Ne3 30. Rd2 Nc4 31. Rd3 Nd6 32. Nb4 Qe7 33. Qh4 Kf8 34. Nd5 Qe6 35.
c3 Rc4 36. Ne3 R4c5 37. Nd5 Rb5 38. Rhd1 Nc4 39. Nb4 Qe7 40. Rd7 Qc5 41. Bd5
Nxa3+ 42. bxa3 Qxc3 43. Rxf7+ Ke8 44. Rxg7 Qc2+ 45. Ka1 Qxd1+ 46. Ka2 Rc2+ 0-1

[Event "chess.com Speed 1m+1spm 2018"]
[Site "chess.com INT"]
[Date "2018.10.09"]
[Round "2.20"]
[White "Vidit, Santosh Gujrathi"]
[Black "So, Wesley"]
[Result "1/2-1/2"]
[WhiteTitle "GM"]
[BlackTitle "GM"]
[WhiteElo "2718"]
[BlackElo "2780"]
[WhiteFideId "5029465"]
[BlackFideId "5202213"]
[EventDate "2018.07.24"]

1. d4 Nf6 2. c4 e6 3. Nf3 d5 4. g3 Be7 5. Bg2 O-O 6. O-O dxc4 7. Qc2 a6 8. a4
Bd7 9. Qxc4 Bc6 10. Bg5 Bd5 11. Qc2 Be4 12. Qc1 h6 13. Bxf6 Bxf6 14. Rd1 a5 15.
Nbd2 Bxf3 16. Bxf3 c6 17. e3 Nd7 18. h4 Be7 19. h5 Bb4 20. Nb3 Qe7 21. Qc2 Rfd8
22. Kg2 Nf6 23. Qe2 e5 24. dxe5 Qxe5 25. Nd4 Bc5 26. Nb3 Bb4 27. Rac1 Qe7 28. g4
Rxd1 29. Rxd1 Rd8 30. Nd4 Qe8 31. Nf5 Rxd1 32. Qxd1 Qd7 33. Qxd7 Nxd7 34. Bd1
Kf8 35. Bc2 Nb6 36. b3 Nd5 37. Kf3 Ne7 38. Ng3 Nd5 39. Ne4 Nc3 40. Ng3 Nd5 41.
Ke2 Ke7 42. f4 Bc3 43. Nf5+ Kd7 44. Be4 Nf6 45. Bf3 Ne8 46. Kd3 Ba1 47. e4 Nd6
48. Ne3 f6 49. Nc2 Bb2 50. Kd2 b5 51. Ne3 Bd4 52. Kd3 Bb2 53. Bd1 Bc1 54. Bc2
bxa4 55. bxa4 Nb7 56. Nf5 Bxf4 57. Nxg7 Nd6 58. Nf5 Nxf5 59. gxf5 1/2-1/2

[Event "chess.com Speed 1m+1spm 2018"]
[Site "chess.com INT"]
[Date "2018.10.09"]
[Round "2.21"]
[White "So, Wesley"]
[Black "Vidit, Santosh Gujrathi"]
[Result "1-0"]
[WhiteTitle "GM"]
[BlackTitle "GM"]
[WhiteElo "2780"]
[BlackElo "2718"]
[WhiteFideId "5202213"]
[BlackFideId "5029465"]
[EventDate "2018.07.24"]

1. d4 Nf6 2. c4 e6 3. g3 d5 4. Bg2 Bb4+ 5. Nd2 O-O 6. Nf3 b6 7. O-O Bb7 8. a3
Be7 9. cxd5 exd5 10. b4 a5 11. b5 c6 12. bxc6 Nxc6 13. Bb2 b5 14. e3 a4 15. Qb1
Qb6 16. Rc1 Rfc8 17. Ne5 h6 18. Bc3 Rc7 19. Qb2 Rac8 20. Bf1 Ba6 21. Nxc6 Rxc6
22. Nf3 Ne4 23. Bb4 Bxb4 24. axb4 f6 25. Rc5 Nxc5 26. dxc5 Qb7 27. Nd4 R6c7 28.
Bg2 Re7 29. c6 Qb6 30. Bxd5+ Kh8 31. Qc2 Rd8 32. Ba2 Bc8 33. Rc1 Rxd4 34. exd4
Qxd4 35. Rd1 Bf5 36. Rxd4 Bxc2 37. f3 Rc7 38. Rd8+ Kh7 39. Bd5 f5 40. Rd7 Rc8
41. c7 a3 42. Be6 Kg6 43. Re7 a2 44. Bxa2 Kf6 45. Re6+ Kg5 46. h4+ Kh5 47. Re7
Kg6 48. Be6 1-0

[Event "chess.com Speed 1m+1spm 2018"]
[Site "chess.com INT"]
[Date "2018.10.09"]
[Round "2.22"]
[White "Vidit, Santosh Gujrathi"]
[Black "So, Wesley"]
[Result "1-0"]
[WhiteTitle "GM"]
[BlackTitle "GM"]
[WhiteElo "2718"]
[BlackElo "2780"]
[WhiteFideId "5029465"]
[BlackFideId "5202213"]
[EventDate "2018.07.24"]

1. d4 Nf6 2. c4 e6 3. Nf3 d5 4. g3 Be7 5. Bg2 O-O 6. O-O dxc4 7. Qc2 a6 8. a4
Bd7 9. Qxc4 Bc6 10. Bg5 h6 11. Bf4 a5 12. Nc3 Na6 13. Rfd1 Bd5 14. Qd3 Nb4 15.
Qd2 Ne4 16. Qc1 c6 17. Ne5 Nxc3 18. bxc3 Bxg2 19. Kxg2 Nd5 20. Bd2 Bf6 21. Rb1
Bxe5 22. dxe5 Qc7 23. e4 Nb6 24. Be3 Nc4 25. Bc5 Rfd8 26. Bd6 Nxd6 27. exd6 Rxd6
28. Rxd6 Qxd6 29. Rxb7 Rb8 30. Ra7 Qc5 31. Rd7 Qe5 32. Qe3 Rb3 33. Rd8+ Kh7 34.
Rd4 Qc5 35. e5 Qxc3 36. Qe4+ g6 37. Rd7 Rb4 38. Rxf7+ 1-0

[Event "chess.com Speed 1m+1spm 2018"]
[Site "chess.com INT"]
[Date "2018.10.09"]
[Round "2.23"]
[White "So, Wesley"]
[Black "Vidit, Santosh Gujrathi"]
[Result "1-0"]
[WhiteTitle "GM"]
[BlackTitle "GM"]
[WhiteElo "2780"]
[BlackElo "2718"]
[WhiteFideId "5202213"]
[BlackFideId "5029465"]
[EventDate "2018.07.24"]

1. d4 Nf6 2. c4 e6 3. Nf3 d5 4. g3 Bb4+ 5. Bd2 Be7 6. Bg2 O-O 7. O-O c6 8. Qc2
Nbd7 9. b4 Ne4 10. Be1 f5 11. a4 Bf6 12. e3 g5 13. Nc3 Qe7 14. b5 Nd6 15. Nd2
dxc4 16. Qa2 cxb5 17. Nxb5 Nxb5 18. axb5 Nb6 19. Nxc4 Nd5 20. Qb2 Bd7 21. Ne5
Bxe5 22. dxe5 Rfc8 23. Bxd5 exd5 24. Bc3 Qe6 25. Bd4 f4 26. exf4 gxf4 27. Qd2
Rf8 28. Rfc1 Rf7 29. Rc7 Raf8 30. Rxb7 Qh3 31. e6 Qxe6 32. Raxa7 h6 33. Rb6 Qh3
34. f3 fxg3 35. Rxh6 gxh2+ 36. Qxh2 Qxh2+ 37. Kxh2 Re7 38. Rh8+ Kf7 39. Rh7+ Ke6
40. Rxe7+ Kxe7 41. Bc5+ 1-0

[Event "chess.com Speed 1m+1spm 2018"]
[Site "chess.com INT"]
[Date "2018.10.09"]
[Round "2.24"]
[White "Vidit, Santosh Gujrathi"]
[Black "So, Wesley"]
[Result "1/2-1/2"]
[WhiteTitle "GM"]
[BlackTitle "GM"]
[WhiteElo "2718"]
[BlackElo "2780"]
[WhiteFideId "5029465"]
[BlackFideId "5202213"]
[EventDate "2018.07.24"]

1. e4 e5 2. Nf3 Nf6 3. Nxe5 d6 4. Nf3 Nxe4 5. Nc3 Nf6 6. d4 Be7 7. Bd3 O-O 8.
O-O Nc6 9. a3 Bg4 10. Be3 d5 11. h3 Bh5 12. g4 Bg6 13. Ne5 Bxd3 14. cxd3 Nd7 15.
f4 Ndxe5 16. fxe5 Nxe5 17. dxe5 d4 18. Bf4 dxc3 19. bxc3 Qd5 20. Qe2 Rad8 21. d4
c5 22. Be3 cxd4 23. cxd4 Rc8 24. Rf3 Rc2 25. Qf1 f6 26. Rb1 fxe5 27. Rxf8+ Bxf8
28. Rb5 Rg2+ 29. Qxg2 Qxb5 30. Qa2+ Kh8 31. Qf7 Bxa3 32. d5 h6 33. g5 hxg5 34.
Bxg5 Bc5+ 35. Kg2 Qe2+ 36. Kg3 Qe1+ 37. Kg4 Qe4+ 38. Kg3 Qe1+ 39. Kg4 Qg1+ 40.
Kh5 Qd1+ 41. Kh4 Qe1+ 42. Kg4 1/2-1/2

[Event "chess.com Speed 1m+1spm 2018"]
[Site "chess.com INT"]
[Date "2018.10.09"]
[Round "2.25"]
[White "So, Wesley"]
[Black "Vidit, Santosh Gujrathi"]
[Result "1-0"]
[WhiteTitle "GM"]
[BlackTitle "GM"]
[WhiteElo "2780"]
[BlackElo "2718"]
[WhiteFideId "5202213"]
[BlackFideId "5029465"]
[EventDate "2018.07.24"]

1. d4 Nf6 2. c4 c5 3. d5 b5 4. cxb5 a6 5. bxa6 g6 6. Nc3 Bg7 7. e4 O-O 8. e5 Ne8
9. h4 d6 10. e6 fxe6 11. h5 g5 12. h6 Bf6 13. Nf3 Bxa6 14. Nxg5 Bxf1 15. Kxf1
Bxg5 16. Bxg5 Nf6 17. Rh3 Qe8 18. Rg3 Nh5 19. Rg4 Rf5 20. Bxe7+ Kf7 21. Bxd6 Nd7
22. Ne4 Ra4 23. Qxa4 1-0

[Event "chess.com Speed 1m+1spm 2018"]
[Site "chess.com INT"]
[Date "2018.10.09"]
[Round "2.26"]
[White "Vidit, Santosh Gujrathi"]
[Black "So, Wesley"]
[Result "0-1"]
[WhiteTitle "GM"]
[BlackTitle "GM"]
[WhiteElo "2718"]
[BlackElo "2780"]
[WhiteFideId "5029465"]
[BlackFideId "5202213"]
[EventDate "2018.07.24"]

1. d4 Nf6 2. c4 e6 3. Nf3 d5 4. Nc3 c5 5. e3 Nc6 6. Bd3 dxc4 7. Bxc4 a6 8. O-O
b5 9. Bb3 Bb7 10. Qe2 Qc7 11. Rd1 Rd8 12. a3 Be7 13. Bc2 O-O 14. dxc5 Rxd1+ 15.
Nxd1 Bxc5 16. b4 Bd6 17. Bb2 Ne5 18. Rc1 Nxf3+ 19. gxf3 Bxh2+ 20. Kg2 Qb8 21.
Bxf6 gxf6 22. Nc3 Be5 23. Ne4 f5 24. Ng5 Bf6 25. Nh3 Kh8 26. Kh1 Rg8 27. Bd3 Qa8
28. e4 Be5 29. Qe3 fxe4 30. fxe4 Qf8 31. Rc5 Qg7 32. Qf3 f5 33. Rc1 Qh6 34. Rg1
fxe4 35. Rxg8+ Kxg8 36. Qg2+ Kh8 37. Bf1 Bd5 38. Kg1 e3 39. Qg4 Qg6 40. Qxg6
exf2+ 41. Kxf2 hxg6 42. Ke3 Kg7 43. Nf2 Bb2 44. Nd3 Bxa3 45. Kd4 g5 46. Kc3 g4
47. Nf4 g3 48. Nxd5 exd5 49. Bg2 d4+ 50. Kxd4 Bxb4 51. Bb7 Kf6 52. Ke3 a5 53.
Kf3 Bd6 54. Bc6 0-1

[Event "chess.com Speed 1m+1spm 2018"]
[Site "chess.com INT"]
[Date "2018.10.09"]
[Round "2.27"]
[White "So, Wesley"]
[Black "Vidit, Santosh Gujrathi"]
[Result "1-0"]
[WhiteTitle "GM"]
[BlackTitle "GM"]
[WhiteElo "2780"]
[BlackElo "2718"]
[WhiteFideId "5202213"]
[BlackFideId "5029465"]
[EventDate "2018.07.24"]

1. d4 Nf6 2. c4 e6 3. Nc3 Bb4 4. Qc2 O-O 5. a3 Bxc3+ 6. Qxc3 b6 7. Bg5 Bb7 8. f3
h6 9. Bh4 d5 10. e3 Re8 11. cxd5 exd5 12. Bb5 c6 13. Ba4 Qe7 14. Bf2 Nbd7 15.
Ne2 Rac8 16. O-O Ba6 17. Rfe1 c5 18. Qd2 Bxe2 19. Rxe2 cxd4 20. Qxd4 Rc4 21. Qd1
Ne5 22. Bxe8 Qxe8 23. Rc2 Qb5 24. Bg3 Rxc2 25. Qxc2 Nc4 26. Qc3 Qxb2 27. Qxb2
Nxb2 28. Be5 Nc4 29. Bxf6 gxf6 30. Kf2 b5 31. Rd1 Nxa3 32. Rxd5 a5 33. Ke2 a4
34. Kd3 b4 35. Ra5 b3 36. Kc3 Nc4 37. Kxc4 b2 38. Rb5 a3 39. Kc3 1-0

[Event "chess.com Speed 5m+1spm 2018"]
[Site "chess.com INT"]
[Date "2018.11.30"]
[Round "3.1"]
[White "So, Wesley"]
[Black "Duda, Jan-Krzysztof"]
[Result "1/2-1/2"]
[WhiteTitle "GM"]
[BlackTitle "GM"]
[WhiteElo "2780"]
[BlackElo "2737"]
[WhiteFideId "5202213"]
[BlackFideId "1170546"]
[EventDate "2018.07.24"]

1. e4 c5 2. Nf3 d6 3. Bb5+ Bd7 4. Bxd7+ Qxd7 5. c4 Nc6 6. Nc3 g6 7. d4 cxd4 8.
Nxd4 Bg7 9. Nde2 Nf6 10. O-O Qe6 11. Nd5 Qxe4 12. Nc7+ Kd7 13. Nxa8 Qxc4 14.
Nb6+ axb6 15. b3 Qd5 16. Bb2 Qxd1 17. Rfxd1 b5 18. a3 Ra8 19. b4 Rc8 20. Rab1
Ne8 21. Bxg7 Nxg7 22. Nc3 Na7 23. Rbc1 Rc6 24. Kf1 Ne6 25. Ke1 Nc7 26. Ne4 Ke8
27. h4 h5 28. Kd2 Nc8 29. Rxc6 bxc6 30. Rc1 Kd7 31. Kd3 Nb6 32. g3 Nc4 33. Ra1
Nd5 34. Nc3 Nb2+ 35. Kc2 Nxc3 36. Kxc3 Na4+ 37. Kd2 e5 38. f3 d5 39. g4 Nb6 40.
Rg1 f6 41. gxh5 gxh5 42. Rg7+ Ke6 43. Rc7 Nc4+ 44. Ke2 Nxa3 45. Rh7 Nc2 46. Rxh5
Kf7 47. Rh7+ Kg6 48. Rc7 Nxb4 49. f4 exf4 50. Kf3 Nd3 51. Kg4 b4 52. h5+ Kh6 53.
Kh4 c5 54. Rf7 b3 55. Rxf6+ Kg7 56. Kg5 b2 57. h6+ Kg8 58. Rb6 Nb4 59. Rb8+ Kf7
60. h7 b1=Q 61. h8=Q Qg6+ 62. Kxf4 Qd6+ 63. Kf3 Qf6+ 64. Qxf6+ Kxf6 65. Re8 Nc6
66. Rc8 Nd4+ 67. Ke3 Ne6 68. Ra8 Ke5 69. Rh8 Ng7 70. Rh7 Nf5+ 71. Kd3 c4+ 72.
Kc3 Ke4 73. Rh8 Nd6 74. Rh4+ Ke5 75. Rh5+ Ke6 76. Rh6+ Kd7 77. Kd4 Nf5+ 78. Kxd5
Nxh6 79. Kxc4 1/2-1/2

[Event "chess.com Speed 5m+1spm 2018"]
[Site "chess.com INT"]
[Date "2018.11.30"]
[Round "3.2"]
[White "Duda, Jan-Krzysztof"]
[Black "So, Wesley"]
[Result "1/2-1/2"]
[WhiteTitle "GM"]
[BlackTitle "GM"]
[WhiteElo "2737"]
[BlackElo "2780"]
[WhiteFideId "1170546"]
[BlackFideId "5202213"]
[EventDate "2018.07.24"]

1. e4 e5 2. Nf3 Nc6 3. Bc4 Bc5 4. c3 Nf6 5. d3 O-O 6. O-O d5 7. exd5 Nxd5 8. a4
a5 9. Nbd2 Nb6 10. Bb5 Bd6 11. Ne4 Na7 12. d4 exd4 13. Nxd6 Qxd6 14. Qxd4 Nxb5
15. axb5 Qxd4 16. Nxd4 Bd7 17. Bf4 Rfc8 18. Rfd1 a4 19. h4 h5 20. Ra2 c5 21.
bxc6 bxc6 22. Raa1 c5 23. Nc2 Be6 24. Ne3 Ra5 25. Rd2 Rb5 26. f3 Kh7 27. Kf2 Rb3
28. g4 hxg4 29. fxg4 Ra8 30. Bc7 Nd7 31. Rc2 Ra7 32. Bf4 Rab7 33. Ra2 R3b6 34.
c4 Rb4 35. Bd6 Rb3 36. Rxa4 Nf6 37. Bf4 Bxg4 38. Nxg4 Nxg4+ 39. Kg2 Rxb2 40.
Rxb2 Rxb2+ 41. Kf3 Nf6 42. Bd6 Rb3+ 43. Kf4 Rh3 44. Bxc5 Rxh4+ 45. Ke3 Kg6 46.
Bd4 Rh3+ 47. Kd2 Ne4+ 48. Kc2 Rh5 49. Ra6+ f6 50. Kd3 Nc5+ 51. Bxc5 Rxc5 52. Kd4
Rc8 53. c5 Kf5 54. Kd5 g5 55. Rc6 Ra8 56. Rc7 g4 57. Rg7 Kf4 58. c6 f5 59. c7 g3
60. Ke6 Rh8 61. Kd7 Kf3 62. c8=Q Rxc8 63. Kxc8 f4 64. Kd7 g2 65. Ke6 Kf2 66. Ke5
f3 67. Ke4 g1=Q 68. Rxg1 Kxg1 69. Kxf3 1/2-1/2

[Event "chess.com Speed 5m+1spm 2018"]
[Site "chess.com INT"]
[Date "2018.11.30"]
[Round "3.3"]
[White "So, Wesley"]
[Black "Duda, Jan-Krzysztof"]
[Result "1-0"]
[WhiteTitle "GM"]
[BlackTitle "GM"]
[WhiteElo "2780"]
[BlackElo "2737"]
[WhiteFideId "5202213"]
[BlackFideId "1170546"]
[EventDate "2018.07.24"]

1. e4 c5 2. Nf3 e6 3. d4 cxd4 4. Nxd4 Nf6 5. Nc3 d6 6. Be3 Be7 7. Be2 O-O 8. f4
Nc6 9. Qd2 e5 10. Nb3 a5 11. a4 exf4 12. Bxf4 Be6 13. O-O-O Rc8 14. Kb1 Re8 15.
Rhe1 Nb4 16. Bb5 Rf8 17. Bxd6 Bg4 18. Bxe7 Qxe7 19. Qd6 Bxd1 20. Qxe7 Bxc2+ 21.
Ka1 Bxb3 22. Rc1 b6 23. Kb1 h6 24. g4 Rfd8 25. h4 Rd2 26. g5 hxg5 27. hxg5 Ng4
28. Bd7 Rb8 29. Bxg4 Nd3 30. Rh1 Rxb2+ 31. Ka1 Rc2 32. Qd6 Re8 33. Qxd3 1-0

[Event "chess.com Speed 5m+1spm 2018"]
[Site "chess.com INT"]
[Date "2018.11.30"]
[Round "3.4"]
[White "Duda, Jan-Krzysztof"]
[Black "So, Wesley"]
[Result "1/2-1/2"]
[WhiteTitle "GM"]
[BlackTitle "GM"]
[WhiteElo "2737"]
[BlackElo "2780"]
[WhiteFideId "1170546"]
[BlackFideId "5202213"]
[EventDate "2018.07.24"]

1. e4 e5 2. Nf3 Nc6 3. Bc4 Bc5 4. c3 Nf6 5. d3 O-O 6. Nbd2 d5 7. exd5 Nxd5 8.
Ne4 Be7 9. O-O Bg4 10. h3 Bh5 11. Re1 Nb6 12. Bb3 Bg6 13. a4 a5 14. Qe2 Kh8 15.
Be3 Nd5 16. Rad1 f5 17. Neg5 Qd6 18. Bc1 Rae8 19. Nh4 Bxg5 20. Bxg5 Bf7 21. Nxf5
Qg6 22. Qg4 Nf6 23. Nh4 Nxg4 24. Nxg6+ Bxg6 25. hxg4 h6 26. Bh4 Bf7 27. Bc2 Re6
28. Re3 Bg6 29. Bb3 Rd6 30. Bg3 Rd7 31. Bc4 Bf7 32. Bb5 Bb3 33. Rde1 Rd5 34.
Bxc6 bxc6 35. Bxe5 Bxa4 36. Bxc7 Bc2 37. c4 Rxd3 38. Bxa5 Rd4 39. Rc3 Bg6 40. f3
Rb8 41. b3 Rd2 42. Bc7 Rb7 43. Be5 Rb2 44. Ree3 Bc2 45. b4 R7xb4 46. Ra3 Rb1+
47. Kh2 Rb7 48. Ra6 R1b6 49. Ra8+ Kh7 50. Rc8 Ba4 51. Bd4 Rb4 52. Ree8 Rxc4 53.
Rh8+ Kg6 54. Be5 Rc2 55. Kg3 Re2 56. Bd4 Rd7 57. Bc3 Rc2 58. Be5 Re2 59. f4 Bc2
60. f5+ Bxf5 61. gxf5+ Kxf5 62. Rhf8+ Kg6 63. Rxc6+ Kh7 64. Bf4 Rd3+ 65. Kh2 Rf2
66. Rc4 Ra3 67. Kg1 Raa2 68. Rfc8 Rxg2+ 69. Kf1 Rgb2 70. Ke1 Rb1+ 71. Bc1 Rb3
72. Kd1 Rg3 73. Rc2 Rg1+ 74. Kd2 Rg2+ 75. Kd3 Rgxc2 76. Rxc2 Rxc2 77. Kxc2 g5
78. Kd3 Kg6 79. Ke4 Kf6 80. Kf3 Kg6 81. Kg3 g4 82. Bf4 h5 83. Kh4 Kf5 84. Bh2
Kg6 85. Bg3 Kf5 86. Kxh5 Ke4 87. Kxg4 1/2-1/2

[Event "chess.com Speed 5m+1spm 2018"]
[Site "chess.com INT"]
[Date "2018.11.30"]
[Round "3.5"]
[White "So, Wesley"]
[Black "Duda, Jan-Krzysztof"]
[Result "1/2-1/2"]
[WhiteTitle "GM"]
[BlackTitle "GM"]
[WhiteElo "2780"]
[BlackElo "2737"]
[WhiteFideId "5202213"]
[BlackFideId "1170546"]
[EventDate "2018.07.24"]

1. e4 c5 2. Nf3 e6 3. d4 cxd4 4. Nxd4 Nf6 5. Nc3 d6 6. Be3 Be7 7. f3 O-O 8. Qd2
Nc6 9. O-O-O d5 10. Be2 dxe4 11. Nxc6 bxc6 12. Qxd8 Rxd8 13. Rxd8+ Bxd8 14. Nxe4
Nxe4 15. fxe4 Kf8 16. Rd1 Ke8 17. Bd4 g6 18. g3 h5 19. c4 a5 20. Kc2 Bd7 21. e5
Be7 22. Bf3 Ra6 23. c5 Kd8 24. Rd3 Kc8 25. Be2 Ra8 26. Ra3 Kb7 27. Rb3+ Kc7 28.
Ra3 Kb7 29. Rb3+ Kc7 30. Rb6 Bd8 31. Bf3 Kc8 32. Bxc6 Bxc6 33. Rxc6+ Bc7 34. b3
Kb7 35. Rxc7+ Kxc7 36. Kc3 Kc6 37. Kc4 g5 38. h3 g4 39. h4 Rb8 40. a3 Rb5 41.
Be3 Rb8 42. Bd4 Ra8 43. Be3 Rd8 44. Bd4 Rd7 45. b4 axb4 46. axb4 Rb7 47. Bc3 Rb8
48. Bd4 Rb5 49. Be3 Rb8 50. Bg5 Ra8 51. b5+ Kc7 52. c6 Ra2 53. Be7 Rc2+ 54. Kb4
Rb2+ 55. Kc4 Rc2+ 56. Kb4 Rc1 57. Ka5 Ra1+ 58. Kb4 Rb1+ 59. Kc5 Rc1+ 60. Kb4
Rb1+ 61. Kc5 Rc1+ 62. Kb4 Rb1+ 63. Kc5 1/2-1/2

[Event "chess.com Speed 5m+1spm 2018"]
[Site "chess.com INT"]
[Date "2018.11.30"]
[Round "3.6"]
[White "Duda, Jan-Krzysztof"]
[Black "So, Wesley"]
[Result "1/2-1/2"]
[WhiteTitle "GM"]
[BlackTitle "GM"]
[WhiteElo "2737"]
[BlackElo "2780"]
[WhiteFideId "1170546"]
[BlackFideId "5202213"]
[EventDate "2018.07.24"]

1. d4 Nf6 2. Bg5 d5 3. e3 c5 4. Bxf6 gxf6 5. c4 cxd4 6. exd4 Nc6 7. Nc3 e5 8.
cxd5 Nxd4 9. Nf3 Bc5 10. Be2 Nxf3+ 11. Bxf3 f5 12. O-O O-O 13. Re1 e4 14. Bxe4
fxe4 15. Nxe4 Bb6 16. Qh5 Bd4 17. Rad1 Bg7 18. d6 Bd7 19. Re3 h6 20. Rg3 Kh8 21.
h3 Qe8 22. Nf6 Qe6 23. Nxd7 Qxd7 24. Rd5 Rg8 25. Rf3 Raf8 26. Rc3 Rc8 27. Rf3
Rcf8 28. Rc3 Rc8 29. Rf3 Rcf8 1/2-1/2

[Event "chess.com Speed 5m+1spm 2018"]
[Site "chess.com INT"]
[Date "2018.11.30"]
[Round "3.7"]
[White "So, Wesley"]
[Black "Duda, Jan-Krzysztof"]
[Result "1/2-1/2"]
[WhiteTitle "GM"]
[BlackTitle "GM"]
[WhiteElo "2780"]
[BlackElo "2737"]
[WhiteFideId "5202213"]
[BlackFideId "1170546"]
[EventDate "2018.07.24"]

1. d4 Nf6 2. c4 e6 3. Nf3 d5 4. g3 dxc4 5. Bg2 a6 6. O-O Nc6 7. e3 Bd7 8. Qe2 b5
9. b3 cxb3 10. axb3 Be7 11. Bd2 O-O 12. Rc1 Nb4 13. Ne5 Nfd5 14. Nc3 c6 15. Ne4
f6 16. Nxd7 Qxd7 17. Nc5 Bxc5 18. Rxc5 f5 19. Ra5 Qc7 20. Ra1 Qd7 21. Ra5 Qc7
22. Ra1 Qd7 1/2-1/2

[Event "chess.com Speed 5m+1spm 2018"]
[Site "chess.com INT"]
[Date "2018.11.30"]
[Round "3.8"]
[White "Duda, Jan-Krzysztof"]
[Black "So, Wesley"]
[Result "0-1"]
[WhiteTitle "GM"]
[BlackTitle "GM"]
[WhiteElo "2737"]
[BlackElo "2780"]
[WhiteFideId "1170546"]
[BlackFideId "5202213"]
[EventDate "2018.07.24"]

1. d4 Nf6 2. Bg5 d5 3. Bxf6 exf6 4. e3 Bd6 5. Bd3 c6 6. Nd2 Qe7 7. Qf3 g6 8. h3
Nd7 9. g4 h5 10. Ne2 Nb6 11. Rg1 hxg4 12. hxg4 Bd7 13. O-O-O O-O-O 14. Kb1 Rh4
15. Ka1 Rdh8 16. c4 Rh3 17. Qg2 Rh2 18. Qf1 dxc4 19. Nxc4 Nxc4 20. Bxc4 R8h4 21.
Nc3 Bxg4 22. Rc1 Kb8 23. Bb3 Bb4 24. Na4 Bf3 25. d5 cxd5 26. Qd3 Rxf2 27. Bxd5
Bxd5 28. Qxd5 Bd2 29. Rh1 Bxc1 30. Rxh4 Bxb2+ 31. Kb1 f5 32. Nc5 Bc3 33. Rh3 Rd2
34. Qc4 Bf6 35. e4 Qd8 36. Rd3 Rxd3 37. Nxd3 fxe4 38. Qxe4 a6 39. Kc2 Qc7+ 40.
Kd1 Ka7 41. Qe3+ Qb6 42. Qf3 Qd4 43. Ke2 g5 44. Qh1 g4 45. Qh7 Bg5 46. a4 Qe3+
47. Kf1 Qf3+ 48. Ke1 f5 49. Nc5 Qe3+ 50. Kf1 Qxc5 51. a5 Qb5+ 52. Kg2 Qxa5 53.
Kg3 Qc3+ 54. Kg2 Qd2+ 55. Kh1 Qd1+ 56. Kg2 Qf3+ 57. Kh2 Bf4+ 58. Kg1 Be3+ 59.
Kh2 Qf2+ 0-1

[Event "chess.com Speed 5m+1spm 2018"]
[Site "chess.com INT"]
[Date "2018.11.30"]
[Round "3.9"]
[White "So, Wesley"]
[Black "Duda, Jan-Krzysztof"]
[Result "0-1"]
[WhiteTitle "GM"]
[BlackTitle "GM"]
[WhiteElo "2780"]
[BlackElo "2737"]
[WhiteFideId "5202213"]
[BlackFideId "1170546"]
[EventDate "2018.07.24"]

1. d4 Nf6 2. c4 e6 3. Nf3 d5 4. Nc3 dxc4 5. e3 a6 6. a4 b6 7. Bxc4 Bb7 8. O-O
Bb4 9. Qe2 O-O 10. Rd1 Qe7 11. Bd3 c5 12. Na2 Nc6 13. Nxb4 Nxb4 14. Bb1 Be4 15.
Bxe4 Nxe4 16. Ne5 Rac8 17. Nc4 Rc6 18. f3 Nd6 19. Ne5 Rc7 20. Bd2 Nc2 21. dxc5
Rxc5 22. Rac1 Rxe5 23. Rxc2 a5 24. e4 Nb7 25. Bf4 Rc5 26. Bd6 Nxd6 0-1

[Event "chess.com Speed 3m+1spm 2018"]
[Site "chess.com INT"]
[Date "2018.11.30"]
[Round "3.10"]
[White "So, Wesley"]
[Black "Duda, Jan-Krzysztof"]
[Result "1/2-1/2"]
[WhiteTitle "GM"]
[BlackTitle "GM"]
[WhiteElo "2780"]
[BlackElo "2737"]
[WhiteFideId "5202213"]
[BlackFideId "1170546"]
[EventDate "2018.07.24"]

1. e4 c5 2. Nf3 e6 3. d4 cxd4 4. Nxd4 Nf6 5. Nc3 d6 6. Be3 Be7 7. f3 O-O 8. Qd2
Nc6 9. O-O-O d5 10. Be2 dxe4 11. Nxc6 bxc6 12. Qxd8 Rxd8 13. Rxd8+ Bxd8 14. Rd1
Be7 15. Nxe4 Nxe4 16. fxe4 e5 17. Bc4 Kf8 18. c3 a5 19. Kc2 Ke8 20. a4 Rb8 21.
Bd2 Bg4 22. Rf1 f6 23. Bg8 h6 24. Bc4 Bh5 25. h3 Bg6 26. Re1 Bc5 27. g4 Ke7 28.
b3 Bh7 29. Bd3 g5 30. Rb1 Bg8 31. b4 Ba7 32. bxa5 Rxb1 33. Kxb1 Kd6 34. Kb2 Kc7
35. Bc1 Bf7 36. a6 Bc5 37. a5 Kb8 38. Kc2 Ka7 39. Bd2 Be6 40. Be1 Bf7 41. Bd2
Be6 42. Be1 Bf7 43. Kd2 Be6 44. Ke2 Bf7 45. Bd2 Bb3 46. Be3 Bxe3 47. Kxe3 Ba4
48. Kd2 Bb5 49. Bxb5 cxb5 50. c4 Kxa6 51. c5 Kxa5 52. Kc3 b4+ 53. Kc4 b3 54.
Kxb3 Kb5 55. c6 Kxc6 56. Kc4 Kd6 57. Kb5 Kd7 58. Kb6 Kd6 59. Kb5 Kd7 60. Kc5 Kc7
61. Kd5 Kd7 62. Kc5 Kc7 63. Kd5 Kd7 64. Kc5 Kc7 65. Kd5 Kd7 1/2-1/2

[Event "chess.com Speed 3m+1spm 2018"]
[Site "chess.com INT"]
[Date "2018.11.30"]
[Round "3.11"]
[White "Duda, Jan-Krzysztof"]
[Black "So, Wesley"]
[Result "0-1"]
[WhiteTitle "GM"]
[BlackTitle "GM"]
[WhiteElo "2737"]
[BlackElo "2780"]
[WhiteFideId "1170546"]
[BlackFideId "5202213"]
[EventDate "2018.07.24"]

1. e4 e5 2. Nf3 Nc6 3. Bc4 Bc5 4. c3 Nf6 5. d3 O-O 6. Nbd2 d6 7. h3 Ne7 8. Nf1
Ng6 9. Ng3 c6 10. O-O d5 11. Bb3 dxe4 12. dxe4 h6 13. Re1 Qxd1 14. Rxd1 Re8 15.
Kf1 a5 16. a4 b5 17. Be3 Bxe3 18. fxe3 Rb8 19. axb5 Rxb5 20. Nd2 Bd7 21. Ra3
Reb8 22. Rda1 a4 23. Rxa4 Rxb3 24. Nxb3 Rxb3 25. Rb4 Rxb4 26. cxb4 Ne8 27. Ra7
Nf8 28. Ke2 Nd6 29. Kd3 f6 30. Ne2 Be8 31. Nc3 Ne6 32. Re7 Ng5 33. h4 Kf8 34.
Rxe8+ Kxe8 35. hxg5 hxg5 36. g4 Kd7 37. b5 Nxb5 38. Na4 Kd6 39. b4 Nc7 40. Nc5
Ne6 41. Nb7+ Kc7 42. Na5 Kb6 43. Nc4+ Kb5 44. Kc3 c5 45. Na3+ Ka4 46. Nc2 cxb4+
47. Nxb4 Nc5 48. Nd5 Nxe4+ 49. Kc4 Nf2 50. Ne7 Nxg4 51. Kd3 Nh6 52. Kc4 Ka3 53.
Kc3 Ka2 54. Kc2 g4 55. Kd2 Kb3 56. e4 Kc4 57. Ke3 Kc5 58. Ng6 Kd6 59. Kf2 Ke6
60. Kg3 Kf7 61. Nh4 g6 62. Ng2 f5 63. Kh4 Kf6 64. Ne3 fxe4 65. Nd5+ Ke6 66. Nc7+
Kf5 67. Nd5 Ke6 68. Nc3 e3 69. Kg5 Nf5 70. Kxg4 Nd4 71. Kg3 Kf5 72. Nd1 e2 73.
Ne3+ Ke4 74. Ng2 Nc2 75. Kf2 e1=Q+ 0-1